| 000 | 01336cam a22003974a 4500 | ||
|---|---|---|---|
| 001 | 12503952 | ||
| 003 | OSt | ||
| 005 | 20140310182818.0 | ||
| 008 | 010815s2002 paua b 001 0 eng c | ||
| 010 | _a 2001048356 | ||
| 020 | _a078175240X | ||
| 035 | _a(DNLM)101126217 | ||
| 040 |
_aDNLM/DLC _cDNLM _dDLC |
||
| 042 | _apcc | ||
| 050 | 0 | 0 |
_aRC 954 _b.B48 2002 |
| 245 | 0 | 0 |
_aBetter elder care : _ba nurse's guide to caring for older adults / _c[contributors, Dorothy T. Arnold ... et al.]. |
| 260 |
_aSpringhouse, Pa. : _bSpringhouse Corporation, _c2002. |
||
| 300 |
_aviii, 536 p. : _bill. ; _c24 cm. |
||
| 504 | _aIncludes bibliographical references (p. 525-526) and index. | ||
| 521 | _aNUR | ||
| 650 | 0 | _aGeriatric nursing. | |
| 650 | 1 | 2 |
_aNursing Care _xAged. |
| 650 | 2 | 2 | _aGeriatric Nursing. |
| 700 | 1 | _aArnold, Dorothy T. | |
| 710 | 2 | _aSpringhouse Corporation. | |
| 856 | 4 | 2 |
_3Publisher description _uhttp://www.loc.gov/catdir/enhancements/fy0711/2001048356-d.html |
| 906 |
_a7 _bcbc _corignew _d1 _eocip _f20 _gy-gencatlg |
||
| 942 |
_2lcc _cBK _kFOR |
||
| 999 |
_c16332 _d16332 |
||